Statistiques concernant Groupe de 9 - Quiz

Cliquez ici pour prendre le quiz!

Statistiques générales

  • Ce quiz a été pris 377 fois
    (329 depuis la dernière actualisation)
  • Le résultat moyen est 42 sur 81

Statistiques - réponses

GroupeRéponse% Correct
Planètes (avant 2006)Terre
98%
Planètes (avant 2006)Mars
97%
Pays avec l'arme nucléaireEtats-Unis
96%
Pays avec l'arme nucléaireFrance
96%
Pays avec l'arme nucléaireRussie
94%
Pays sur la mer BaltiqueRussie
94%
Planètes (avant 2006)Saturne
94%
Planètes (avant 2006)Pluton
93%
Planètes (avant 2006)Jupiter
92%
Planètes (avant 2006)Vénus
92%
Planètes (avant 2006)Mercure
90%
Planètes (avant 2006)Uranus
89%
Pays avec l'arme nucléaireChine
87%
Planètes (avant 2006)Neptune
87%
Disciplines de Jeux Olympiques d'HiverSki
83%
Pays sur la mer BaltiqueAllemagne
82%
Pays sud-américain hispaniqueArgentine
81%
Pays sud-américain hispaniqueChili
78%
Pays sud-américain hispaniqueColombie
75%
Pays sud-américain hispaniqueUruguay
74%
Pays sud-américain hispaniqueParaguay
73%
Pays avec l'arme nucléaireRoyaume-Uni
73%
Pays sur la mer BaltiqueSuède
73%
Pays sud-américain hispaniqueVenezuela
73%
Pays sur la mer BaltiqueFinlande
72%
Pays sud-américain hispaniquePérou
72%
Membre de la famille WeasleyRon
70%
Pays sur la mer BaltiqueEstonie
69%
Pays sud-américain hispaniqueBolivie
68%
Pays avec l'arme nucléaireCorée du Nord
67%
Pays sur la mer BaltiqueDanemark
67%
Pays sur la mer BaltiqueLettonie
67%
Pays sur la mer BaltiqueLituanie
67%
Mains au PokerQuinte (suite)
67%
Pays sur la mer BaltiquePologne
64%
Pays sud-américain hispaniqueEquateur
63%
Pays avec l'arme nucléaireInde
58%
Mains au PokerBrelan
57%
Mains au PokerCarré
57%
Mains au PokerUne paire
57%
Disciplines de Jeux Olympiques d'HiverPatinage
54%
Disciplines de Jeux Olympiques d'HiverBobsleigh
53%
Membre de la famille WeasleyGinny
48%
Disciplines de Jeux Olympiques d'HiverLuge
47%
Disciplines de Jeux Olympiques d'HiverBiathlon
45%
Membre de la famille WeasleyFred
45%
Mains au PokerFull
45%
Membre de la famille WeasleyGeorge
45%
Mains au PokerQuinte Flush
45%
Films Star WarsEpisode VI - Le retour du jedi
43%
Mains au PokerCouleur
42%
Films Star WarsEpisode V - L'empire contre-attaque
39%
Pays avec l'arme nucléairePakistan
38%
Pays avec l'arme nucléaireIsraël
37%
Membre de la famille WeasleyMolly
36%
Disciplines de Jeux Olympiques d'HiverSnowboard
36%
Membre de la famille WeasleyArthur
35%
Membre de la famille WeasleyPercy
32%
Membre de la famille WeasleyBill
31%
Disciplines de Jeux Olympiques d'HiverHockey sur glace
31%
Membre de la famille WeasleyCharlie
28%
Disciplines de Jeux Olympiques d'HiverCurling
28%
Mains au PokerDeux paires
28%
Films Star WarsEpisode I - La menace fantôme
23%
Reines du Père NoëlRudolphe
20%
Films Star WarsEpisode III - La revanche des Sith
19%
Films Star WarsEpisode II - L'attaque des clones
18%
Films Star WarsEpisode IV - Un nouvel espoir
14%
Films Star WarsEpisode VII - Le réveil de la force
14%
Disciplines de Jeux Olympiques d'HiverSkeleton
13%
Films Star WarsEpisode IX - L'ascension de Skywalker
8%
Reines du Père NoëlÉclair
7%
Mains au PokerHauteur
7%
Films Star WarsEpisode VIII - Les derniers Jedi
5%
Reines du Père NoëlTonnerre
5%
Reines du Père NoëlComète
3%
Reines du Père NoëlDanseur
3%
Reines du Père NoëlTornade
3%
Reines du Père NoëlCupidon
2%
Reines du Père NoëlFringant
2%
Reines du Père NoëlFurie
2%

Distribution des résultats

Percentile par nombre de réponses

% des personnes avec chaque résultat

Votre développement - résultats

Vous n’avez pas pris ce quiz depuis la dernière actualisation